000
00300nam a2200133Ia 4500
005
20251222155116.0
008
251222s9999||||xx |||||||||||||| ||spa||
082
_a
AFIS.42
100
_a
Ganong W.
245
0
_a
Fisiología médica
250
_a
20va. ed.
264
_b
Manual moderno
942
_c
LIB
999
_c
38245
_d
38245